Statistiques concernant Trouves à quel équipe ces maillots appartiennent.

Cliquez ici pour prendre le quiz!

Statistiques générales

  • Ce quiz a été pris 196 fois
  • Le résultat moyen est 11 sur 12

Statistiques - réponses

Réponse% Correct
Brésil
100%
Brésil
100%
France
100%
Argentine
99%
Maroc
99%
Portugal
99%
Angleterre
98%
Australie
92%
Cameroun
90%
Qatar
87%
Uruguay
84%
Mexique
66%

Distribution des résultats

Percentile par nombre de réponses

% des personnes avec chaque résultat

Votre développement - résultats

Vous n’avez pas pris ce quiz